| 000 | 00590nas a22001937a 4500 | ||
|---|---|---|---|
| 003 | OSt | ||
| 005 | 20151130101917.0 | ||
| 008 | 130628d19982003sp ||||| |||| 00| 0 ||| d | ||
| 040 |
_cCDMR _bcat |
||
| 245 | 0 |
_aRTVV _b: la revista |
|
| 260 |
_aValència _bRTVV _c1998-2003 |
||
| 310 | _aTrimestral | ||
| 362 | _aNúm. 1 (4t trimestre) - núm. 20 (3r trimestre 2003) | ||
| 650 | 0 | 4 |
_94586 _aTelevisió _zPaís Valencià _vRevistes |
| 650 | 0 | 4 |
_94593 _aRàdio _zPaís Valencià _vRevistes |
| 650 | 0 | 4 |
_94580 _aButlletins d'informació |
| 710 | 2 |
_93897 _aRadiotelevisión Valenciana |
|
| 942 |
_2udc _cSER |
||
| 999 |
_c6543 _d6543 |
||